00475 2200181 4500001002100000005001500021008004100036020001800077035001900095041000700114082001300121090001900134100001400153245004800167260003200215300002100247650002500268INLIS00000000001413720241224114704241224||||||||| | ||| |||| || |  a979-465-101-X 0010-1224014137 aid0 a371.02.2 a371.02.2 TIM b0 aKONPRENSI00aBUKU PR Sekolah Dasar kelas 5 EDISI LENGKAP aBandungbEpsilon Grupc2003 a202hlm;21x29.5cm 0aPendidikan Indonesia